Glastonbury Pyramid Stage Headliners - Statistics

General Stats
  • This quiz has been taken 278 times
  • The average score is 26 of 85
Answer Stats
Hint Answer % Correct
1995 Oasis
83%
2004 Oasis
83%
1998 Blur
76%
2009 Blur
76%
2002 Coldplay
76%
2005 Coldplay
76%
2011 Coldplay
76%
2013 The Rolling Stones
70%
2007 Arctic Monkeys
67%
2013 Arctic Monkeys
67%
2011 Beyonce
66%
2008 Jay-Z
65%
2014 Metallica
61%
1971 David Bowie
58%
2000 David Bowie
58%
2004 Muse
57%
2010 Muse
57%
1997 Radiohead
54%
2003 Radiohead
54%
2011 U2
54%
1995 Pulp
53%
1998 Pulp
53%
2014 Kasabian
51%
2007 The Who
50%
2007 The Killers
49%
2004 Paul McCartney
46%
1986 The Cure
40%
1990 The Cure
40%
1995 The Cure
40%
2014 Arcade Fire
37%
1984 The Smiths
37%
2010 Gorillaz
36%
2008 Kings Of Leon
34%
2009 Bruce Springsteen
33%
2013 Mumford & Sons
32%
2010 Stevie Wonder
32%
1997 The Prodigy
30%
2008 The Verve
30%
2000 The Chemical Brothers
29%
2005 The White Stripes
29%
2002 Stereophonics
27%
2009 Neil Young
25%
1999 R.E.M.
25%
2003 R.E.M.
25%
2000 Travis
23%
1999 The Manic Street Preachers
22%
1970 T. Rex
22%
1981 New Order
17%
1990 Happy Mondays
16%
2005 Basement Jaxx
14%
1998 Primal Scream
14%
2002 Rod Stewart
14%
1982 Van Morrison
14%
1987 Van Morrison
14%
1989 Van Morrison
14%
1987 Elvis Costello
13%
1989 Elvis Costello
13%
1994 Elvis Costello
13%
2003 Moby
11%
1979 Peter Gabriel
10%
1994 Peter Gabriel
10%
1994 The Levellers
10%
1983 UB40
10%
1999 Skunk Anansie
9%
1997 Ash
8%
1985 Echo & The Bunnymen
8%
1990 Sinead O'Connor
8%
1992 Carter USM
6%
1981 Hawkwind
6%
1993 Lenny Kravitz
6%
1985 Joe Cocker
5%
1989 Suzanne Vega
5%
1985 The Boomtown Rats
5%
1983 Curtis Mayfield
4%
1986 Level 42
4%
1986 Psychedelic Furs
4%
1987 The Communards
4%
1982 Jackson Browne
3%
1993 The Black Crowes
3%
1979 Tim Blake
3%
1984 Black Uhuru
2%
1993 Christy Moore
2%
1984 Weather Report
2%
1992 Youssou N'Dour
2%
1992 Shakespear's Sisters
1%
No matching quizzes found
Score Distribution
Percent of People with Each Score
Percentile by Number Answered
Your Score History
You have not taken this quiz